01118nam a2200277Ia 450000500170000000800410001702000150005810000280007324501550010125000190025630000420027565000360031765000400035365000400039370000430043370000410047694200150051726400270053233600270055933700330058633800280061904000350064708400110068299900150069395201320070820220317000725.0160601s2005 sp a g 000 0 spa  a84784481521 aGaarder, Josteind1952-13aEl mundo de Sofía bnovela sobre la historia de la filosofía cJostein Gaarder ; traducción del noruego de Kirsti Baggethun y Asunción Lorenzo a2a. edición  a638 páginasbilustraciones c21 cm 142LEMBaNovela noruega ySiglo XX142LEMBaLiteratura noruega ySiglo XX142LEMBaFilosofía en la literatura 1 aLorenzo, Asunciónetraductor 9534351 aBaggethun, Kirstietraductor 953436 2loccBKLIT aMadrid bSiruelac2005 atextobtxt2rdacontent asin mediaciónbn2rdamedia avolumenbnc2rdacarrier aCO-BoRNBPbspaerdacCO-BoRNBP aN GAA1 c4876d4876 00102ddc40708001aMEMAPIRIbMEMAPIRIcLITd2024-01-11l0oN GAA1pMAP00001812r2024-01-11 21:01:28tEj.1w2024-01-11yBKLIT